000 01500nam0a2200337 4500
001 RU\NLR\bibl\1705633
005 20260409070234.0
021 _aRU
_b2010-85286
_95696
035 _a(nilc)RSL-KNO-004823482
035 _a(NLR Aleph) 001696685
090 _a1194496
_c1194496
100 _a20101108d2010 |||y0rusy50 ca
101 0 _arus
102 _aRU
105 _aa |||||||||
200 1 _aПодвиг. Победа. Память
_e65 лет Великой Победы!, 1941-1945
_e[сборник
_eпо страницам газет и журналов
_fред. совет: Н. П. Синицин и др.]
210 _aМосква
_cМосковия
_d2010
215 _a275, [4] с.
_cил., портр., цв. ил., портр.
_d23
225 1 _aБиблиотека газеты "Ежедневные новости. Подмосковье"
606 1 _aВеликая Отечественная война
_jВоспоминания, записки и т.п.
_z1941 - 1945
_9903571
_3RU\NLR\auth\668893
606 _aВеликая Отечественная война
_z1941 - 1945
_xГодовщины
_jВоспоминания, записки и т.п
_3RU\NLR\AUTH\66187542
_91237240
686 _aТ3(2)722,013
686 _aЦ35(2)722,013
702 1 _aСиницин
_bН. П.
_4340
801 0 _aRU
_bRuMoRKP
_c20101108
_grcr
801 1 _aRU
_bRuMoRGB
_c20101108
801 2 _aRU
_bNLR
_c20101125
_grcr
942 _cBOOK
980 _aNB